|
|
|
|
| LEADER |
01191nam a2200301 a 4500 |
| 001 |
c000186523 |
| 003 |
CARM |
| 005 |
20051012183042.0 |
| 008 |
831117s1981 ne a bm 001 0 eng d |
| 019 |
1 |
|
|a 2881383
|5 LACONCORD2021
|
| 020 |
|
|
|a 9061962188
|
| 035 |
|
|
|a (OCoLC)7996036
|5 LACONCORD2021
|
| 040 |
|
|
|a NUN:P
|b eng
|c NUN:P
|d NUN:M
|
| 082 |
1 |
4 |
|a 519.7/03
|2 19
|
| 100 |
1 |
|
|a Wal, J. van der.
|
| 245 |
1 |
0 |
|a Stochastic dynamic programming :
|b successive approximations and nearly optimal strategies for Markov decision processes and Markov games /
|c J. van der Wal.
|
| 260 |
|
|
|a Amsterdam :
|b Mathematisch Centrum,
|c 1981.
|
| 300 |
|
|
|a iii, 251 p. :
|b ill. ;
|c 24 cm.
|
| 440 |
|
0 |
|a Mathematical Centre tracts
|v 139
|
| 500 |
|
|
|a Includes indexes.
|
| 502 |
|
|
|a Thesis--Eindhoven University of Technology.
|
| 504 |
|
|
|a Bibliography: p. 239-246.
|
| 650 |
|
0 |
|a Stochastic programming.
|
| 650 |
|
0 |
|a Dynamic programming.
|
| 650 |
|
0 |
|a Markov processes.
|
| 852 |
8 |
|
|b CARM
|h A2:AQ31F0
|i C07536
|p 0260575
|f BK
|
| 999 |
f |
f |
|i c92897db-19b4-5f82-94c9-ab7c3ee648c6
|s 479c14a6-56eb-5a70-95a3-4eb7f73ca98a
|
| 952 |
f |
f |
|p Can circulate
|a CAVAL
|b CAVAL
|c CAVAL
|d CARM 1 Store
|e C07536
|f A2:AQ31F0
|h Other scheme
|i book
|m 0260575
|